<?xml version="1.0" encoding="UTF-8"?>
<record
    xmlns:xsi="http://www.w3.org/2001/XMLSchema-instance"
    xsi:schemaLocation="http://www.loc.gov/MARC21/slim http://www.loc.gov/standards/marcxml/schema/MARC21slim.xsd"
    xmlns="http://www.loc.gov/MARC21/slim">

  <leader>02718nam a2200265 i 4500</leader>
  <controlfield tag="001">11780</controlfield>
  <controlfield tag="003">ES-MaACL</controlfield>
  <controlfield tag="005">20230906150155.0</controlfield>
  <controlfield tag="007">t|</controlfield>
  <controlfield tag="008">961028m19812003sp       b   |||| |dspa d</controlfield>
  <datafield tag="020" ind1=" " ind2=" ">
    <subfield code="a">84-00-04774-5</subfield>
  </datafield>
  <datafield tag="080" ind1=" " ind2=" ">
    <subfield code="a">929.7(460)"17"(093)</subfield>
  </datafield>
  <datafield tag="080" ind1=" " ind2=" ">
    <subfield code="a">930.255(463.1 V)</subfield>
  </datafield>
  <datafield tag="245" ind1="0" ind2="0">
    <subfield code="a">Pleitos de hidalgu&#xED;a que se conservan en el Archivo de la Real Chanciller&#xED;a de Valladolid </subfield>
    <subfield code="b">: extracto de sus expedientes : siglo XVIII / </subfield>
    <subfield code="c">extractados, ordenados y papeleteados bajo la direcci&#xF3;n de Vicente de Cadenas y Vicent, por Mar&#xED;a Esperanza Alonso ... [et al.].</subfield>
  </datafield>
  <datafield tag="260" ind1=" " ind2=" ">
    <subfield code="a">Madrid : </subfield>
    <subfield code="b">Hidalgu&#xED;a : </subfield>
    <subfield code="b">Instituto Salazar y Castro, </subfield>
    <subfield code="c">1981-2003.</subfield>
  </datafield>
  <datafield tag="300" ind1=" " ind2=" ">
    <subfield code="a">44 v. ; </subfield>
    <subfield code="c">26 cm.</subfield>
  </datafield>
  <datafield tag="505" ind1="8" ind2=" ">
    <subfield code="a">Contiene: t. 1. A-Alonso t. 2. Alsua-Angulo t. 3. Anievas-Azurmendi t. 4. Babiano-Bobes t. 5. Boces-Campillo t. 6. Campo-Ceballos t. 7. Ceballos-Cuesta t. 8. Cuesta-D&#xED;az de Zumento t. 9. Diego-Duro de la Plaza t. 10. Ebro-Fern&#xE1;ndez t. 11. Fern&#xE1;ndez-Fern&#xE1;ndez Barona t. 12. Fern&#xE1;ndez Barona-Fern&#xE1;ndez de Rozada t. 13. Fern&#xE1;ndez Rozada-Gallo D&#xED;az Calvo t. 14. Gallo del Rugallo-Garc&#xED;a t. 15. Garc&#xED;a-Garc&#xED;a del Rivero t. 16. Garc&#xED;a de Robles-G&#xF3;mez de Cosio t. 17. G&#xF3;mez de Cosio-Gonz&#xE1;lez t. 18. Gonz&#xE1;lez, Luis-Gonz&#xE1;lez Olano t. 19. Gonzalez Olivares-Gutierrez, Matias t. 20. Guti&#xE9;rrez, Jos&#xE9;-Herrero, Manuel t. 21. Herrero, Vicente-Izquierdo t. 22. Jado y Castillo-Longo, Francisco t. 23. L&#xF3;pez, Domingo-L&#xF3;pez Montenegro t. 24. L&#xF3;pez Montenegro-Lluba t. 25. Maceira-Mart&#xED;nez Ballesteros t. 26. Mart&#xED;nez Ballesteros-Medina D&#xED;ez t. 27. Medina-Montenegro Calder&#xF3;n t. 28. Montenegro Izquierdo, Neira y Arevalo t. 29. Neira Berm&#xFA;dez-Orive y Arciniega t. 30. Orive y Arciniega-Pardo de Prado t. 31. Pardo de Rivadeneira-P&#xE9;rez Fern&#xE1;ndez t. 32. P&#xE9;rez Fern&#xE1;ndez-Prado Ulloa t. 33. Prado y Velasco-Reigadas t. 34. Reim&#xFA;ndez Pardo-Rodr&#xED;guez t. 35. Rodr&#xED;guez-Rodr&#xED;guez de la Vega t. 36. Rodr&#xED;guez de Villafa&#xF1;e-Ruiz Huidobro t. 37. Ruiz Huidobro-S&#xE1;inz Manteca t. 38. S&#xE1;inz Mardones-S&#xE1;nchez Malo t. 39. S&#xE1;nchez Malo-Sierra Bustillo t. 40. Sierra del Campo-Tejada t. 41. Tejada I&#xF1;iguez-Vadillo t. 42. Vadillo, Mat&#xED;as de-Vega, Francisco de t. 43. Vega, Francisco de la-Villala&#xED;n, Jos&#xE9; de t. 44. Villalain, Agust&#xED;n de-Zuriarrain y Otamendi, Juan Antonio de</subfield>
  </datafield>
  <datafield tag="610" ind1="2" ind2="7">
    <subfield code="a">Archivo de la Real Chanciller&#xED;a de Valladolid-</subfield>
    <subfield code="v">Cat&#xE1;logos.</subfield>
    <subfield code="9">169243</subfield>
  </datafield>
  <datafield tag="650" ind1="1" ind2="4">
    <subfield code="a">Procesos de hidalgu&#xED;a-</subfield>
    <subfield code="v">Historia-</subfield>
    <subfield code="v">Fuentes-</subfield>
    <subfield code="v">Bibliograf&#xED;as.</subfield>
    <subfield code="9">169244</subfield>
  </datafield>
  <datafield tag="700" ind1="1" ind2=" ">
    <subfield code="a">Alonso, Mar&#xED;a Esperanza.</subfield>
    <subfield code="9">20232</subfield>
  </datafield>
  <datafield tag="700" ind1="1" ind2=" ">
    <subfield code="a">Cadenas y Vicent, Vicente de.</subfield>
    <subfield code="9">33391</subfield>
  </datafield>
  <datafield tag="710" ind1="2" ind2=" ">
    <subfield code="a">Archivo de la Real Chanciller&#xED;a de Valladolid.</subfield>
    <subfield code="9">1426</subfield>
  </datafield>
  <datafield tag="710" ind1="2" ind2=" ">
    <subfield code="a">Instituto Salazar y Castro.</subfield>
    <subfield code="9">5230</subfield>
  </datafield>
  <datafield tag="852" ind1=" " ind2=" ">
    <subfield code="a">ES-MaACL</subfield>
    <subfield code="j">P-378</subfield>
  </datafield>
  <datafield tag="999" ind1=" " ind2=" ">
    <subfield code="c">11780</subfield>
    <subfield code="d">11780</subfield>
  </datafield>
  <datafield tag="952" ind1=" " ind2=" ">
    <subfield code="0">0</subfield>
    <subfield code="1">0</subfield>
    <subfield code="4">0</subfield>
    <subfield code="7">0</subfield>
    <subfield code="a">ATENEOM</subfield>
    <subfield code="b">ATENEOM</subfield>
    <subfield code="c">DEPO2</subfield>
    <subfield code="d">2008-01-17</subfield>
    <subfield code="e">SC</subfield>
    <subfield code="l">0</subfield>
    <subfield code="o">P-378</subfield>
    <subfield code="p">1012005</subfield>
    <subfield code="r">2023-02-23 00:00:00</subfield>
    <subfield code="w">2023-02-23</subfield>
    <subfield code="y">MONOGRAFIA</subfield>
  </datafield>
</record>
